000 01015cam a2200241 4500
001 ABS63869
008 000000n2001 000 0 eng u
035 _a(Sirsi) u112168
100 _aOsbourne, H.
245 4 _aThe last closed shop prised open
260 _c2001
490 _aEstates Gazette
_v(0114) 7 April 2001, 132-134(3)
520 _aDescribes a recent workshop prepared by Ernst & Young and "Estates Gazette" which focused on e-business and the reasons inhibiting its introduction into the property industry. Summarises the e-business priorities of the participants. With tables listing some of the barriers to e-business adoption and e-business's threat to corporate vested interests. Also lists attendees at the workshop
590 _aABS
650 _aEBUSINESS
650 _aPROPERTY INDUSTRY
650 _aINTERNET
650 _aERNST & YOUNG
650 _aESTATES GAZETTE
690 _aMANAGEMENT-BUSINESS MANAGEMENT-INFORMATION MANAGEMENT
700 _aTinworth, A.
942 _n0
999 _c66804
_d66804